[Event "Prague Summer op-B 10th"]
[Site "Prague"]
[Date "2023.08.04"]
[Round "1"]
[White "Salussolia, Louis"]
[Black "Chinguun, Otgonbayar"]
[Result "0-1"]
[WhiteElo "1431"]
[BlackElo "1914"]
[PlyCount "114"]
[EventDate "2023.08.04"]
[EventType "swiss"]
[EventRounds "9"]
[EventCountry "CZE"]
[SourceTitle "EXT 2024"]
[Source "ChessBase"]
[SourceDate "2023.10.10"]
[SourceVersion "1"]
[SourceVersionDate "2023.10.10"]
[SourceQuality "1"]

1. e4 e6 2. d4 a6 3. Nf3 b5 4. c4 Bb7 5. d5 bxc4 6. Bxc4 exd5 7. Bxd5 Bxd5 8. Qxd5 Nc6 9. Ne5 Nxe5 10. Qxe5+ Qe7 11. Bf4 Qxe5 12. Bxe5 f6 13. Bxc7 Rc8 14. Bf4 Bb4+ 15. Kd1 Ne7 16. a3 Bc5 17. Ke2 0-0 18. b4 Bb6 19. Bd6 Rfe8 20. Bxe7 Rxe7 21. Nd2 f5 22. f3 fxe4 23. fxe4 d5 24. Rhc1 Rf8 25. Rf1 Rd8 26. Rac1 dxe4 27. Rc6 Bd4 28. Rf4 e3 29. Nb3 Bf6 30. Rcc4 Bg5 31. Rcd4 Rc8 32. Rc4 Rec7 33. Rxc7 Rxc7 34. Rg4 Bh6 35. Nc5 a5 36. Rc4 axb4 37. axb4 Ra7 38. Rc2 Ra1 39. Rb2 Rg1 40. Kf3 Rf1+ 41. Kg3 Bf4+ 42. Kh3 Rf2 43. Rb1 e2 44. Nd3 Rf1 45. Re1 Rxe1 46. Nxe1 Bd2 47. Nd3 Bxb4 48. Kg3 e1Q+ 49. Nxe1 Bxe1+ 50. Kg4 Kf7 51. h4 h6 52. h5 Kf6 53. Kf4 Bd2+ 54. Kg4 Ke5 55. Kh4 Kf4 56. g3+ Kf3 57. Kh3 Be1 0-1

[Event "Prague Summer op-B 9th"]
[Site "Prague"]
[Date "2022.08.05"]
[Round "1"]
[White "Jaeger, Andre"]
[Black "Salussolia, Louis"]
[Result "1-0"]
[WhiteElo "1865"]
[BlackElo "1434"]
[PlyCount "107"]
[EventDate "2022.08.05"]
[EventType "swiss"]
[EventRounds "9"]
[EventCountry "CZE"]
[SourceTitle "EXT 2023"]
[Source "ChessBase"]
[SourceDate "2022.10.05"]
[SourceVersion "1"]
[SourceVersionDate "2022.10.05"]
[SourceQuality "1"]

1. d4 d5 2. c4 e6 3. Nc3 Nf6 4. cxd5 exd5 5. Bg5 Nbd7 6. e3 c6 7. Bd3 Qa5 8. Qc2 Bb4 9. Nge2 0-0 10. 0-0 Ne4 11. Bxe4 dxe4 12. Nxe4 Qf5 13. N2g3 Qg6 14. h4 h6 15. h5 Qh7 16. Bf4 Kh8 17. Rac1 Nf6 18. Nxf6 gxf6 19. Qxh7+ Kxh7 20. e4 Be6 21. a3 Ba5 22. Rfd1 Rad8 23. b4 Bb6 24. Be3 Rd7 25. f3 Rfd8 26. Ne2 Bb3 27. Rd3 Ba4 28. Nc3 Bb3 29. Ne2 Ba4 30. Rd2 Bb5 31. Nc3 Bxd4 32. Bxd4 Rxd4 33. Rxd4 Rxd4 34. Nxb5 cxb5 35. Rc7 Kg7 36. Rxb7 Rd1+ 37. Kf2 Ra1 38. Rxa7 Ra2+ 39. Kg3 f5 40. exf5 Kf6 41. f4 Rb2 42. Kf3 Rb3+ 43. Kg4 Rc3 44. Ra6+ Ke7 45. Rxh6 Rxa3 46. Rb6 Ra2 47. g3 Ra8 48. Rxb5 Rg8+ 49. Kh4 Kf6 50. g4 Kg7 51. g5 Kh7 52. Rb7 Rg7 53. f6 Rxg5 54. Kxg5 1-0